000 00261nam a22001217a 4500
008 170619b xxu||||| |||| 00| 0 eng d
041 _aeng
080 _a328
100 _a20
101 _aSHP
245 _aTHE SOVIET POLITY
_cRESHETAR.J.S
942 _2udc
_cBK
999 _c18104
_d18104